01086nam a2200241 a 450000100100000000500170001000800410002702000150006804000250008310000280010824501680013626000720030430000280037649000340040450400330043850400730047170000340054470000430057871000600062183000410068195201050072299900170082700004116220201002034653.0130920s1993 sp 000 0 spa d a8400073339 aDO-SdBNPbspacBNPHU1 aArquiola, Elvira96771413aLa corona de las ciencias naturales :bla médicina en el tránsito del siglo XVIII al XIX /cElvira Arquiola, Luis Montiel ; prólogo de Pedro Laín Entralgo. aMadrid :bConsejo Superior de Investigaciones Científicas,c1993. a392 p. :bil. ;c22 cm.1 aEstudios sobre la cienciav20 aBibliografía : p. 357- 392 aIncluye referencias bibliográficas y notas al pie de las páginas1 aMontiel Llorente, Luis9677151 aLaín Entralgo, Pedro,epról.930592 aConsejo Superior de Investigaciones Científicas94786 0aEstudios sobre la cienciav20938739 001050718MOaGRbGRcCTd2013-09-20iLF1l0o p41162-10r2020-06-25w2020-06-25y1ZNo se presta c40652d40652